000 01054cam a22003137a 4500
003 CHAP
005 20220329141502.0
008 971013s r 00010 d
010 _a68906
011 _a69878
035 _a79356
040 _cCHAP
090 _aR-3165
100 0 0 _aBrodrick, H. T.
_915494
245 0 _aOsmotic pressure changes in the orange peel in relation to symptom development of citrus black spot caused by Guignardia citricarpa Kiely
500 _aSobretiro de: Phytophylactica No. 3: 89-90, 1971
590 _aBATCH-UPD
_b10
_c20130110
_lUCH01
_h0332
590 _aBATCH-UPD
_b10
_c20130110
_lUCH01
_h1738
590 _aBATCH-UPD
_b10
_c20130410
_lUCH01
_h0005
590 _aBATCH-UPD
_b10
_c20130914
_lUCH01
_h0750
590 _aCONVERSION
_b10
_c20130109
_lUCH01
_h1338
650 1 4 _aCĂ­tricos
_xEnfermedades.
_924423
650 1 4 _aGuignardia citricarpa.
_951358
650 1 4 _aNaranja
_xEnfermedades.
_980155
650 1 4 _aOsmosis.
_984198
901 _aBK
942 _cREIMP
949 _aR-2165
_bBC
_cR
_d-32243
_eTS1
_i79356
_si
999 _c68906
_d68906